Toward a systematic pragmatics /

Guardado en:
Autor Principal: Martin, R. M. 1916-
Formato: Libro
Idioma:English
Publicado: Amsterdam : North-Holland, 1959.
Series:Studies in logic and the foundations of mathematics
Materias:
Etiquetas: Agregar Etiqueta
Sin Etiquetas, Sea el primero en etiquetar este registro!
LEADER 00729cam a22002175a 4500
001 MAT.inmabb003273
008 840427s1959####ne#######b####001#0#eng##
005 20160526170456.0
245 1 0 |a Toward a systematic pragmatics /  |c by R. M. Martin. 
260 |a Amsterdam :  |b North-Holland,  |c 1959. 
300 |a xv, 107 p. ;  |c 22 cm. 
440 0 |a Studies in logic and the foundations of mathematics 
504 |a Incluye referencias bibliográficas. 
510 4 |a MR,  |c 24 #A33 
100 1 |a Martin, R. M.  |q (Richard Milton),  |d 1916- 
650 0 |a Pragmatics. 
084 |a 03B65  |2 msc2000 
010 |a a 60001429  
040 |a DLC/ICU  |c ICU  |d DLC 
859 |h 03  |i M379t  |p A-2164  |b BIB. MATEMATICA 
859 |h 03  |i M379t  |p A-6614  |t Ej. 2  |b BIB. MATEMATICA